[Event "CRO-chT3 West"]
[Site "Croatia"]
[Date "2020.09.13"]
[Round "2.3"]
[White "Derencinovic, Radoslav"]
[Black "Haidinger, Erik"]
[Result "0-1"]
[WhiteElo "1797"]
[BlackElo "1848"]
[PlyCount "80"]
[EventDate "2020.09.12"]
[EventType "team-tourn"]
[EventRounds "9"]
[EventCountry "CRO"]
[SourceTitle "EXT 2022"]
[Source "ChessBase"]
[SourceDate "2021.10.06"]
[SourceVersion "1"]
[SourceVersionDate "2021.10.06"]
[SourceQuality "1"]
[WhiteTeam "Gospic"]
[BlackTeam "Crikvenica"]
[WhiteTeamCountry "CRO"]
[BlackTeamCountry "CRO"]

1. Nf3 d5 2. e3 Nf6 3. d4 Bf5 4. c4 c6 5. Nc3 a6 6. Qb3 Ra7 7. c5 Nbd7 8. Nh4 Bg6 9. h3 e5 10. Be2 Be7 11. f4 exf4 12. Nxg6 hxg6 13. exf4 Nh5 14. 0-0 Bf6 15. Be3 Ng3 16. Rf3 Nf5 17. Bf2 Nxd4 18. Bxd4 Bxd4+ 19. Kh1 Bxc5 20. Na4 0-0 21. Nxc5 Nxc5 22. Qc3 Ne4 23. Qd4 b6 24. Rd1 a5 25. b3 Rb7 26. Kh2 Re8 27. Ba6 Rd7 28. Re3 f5 29. Rc1 c5 30. Qa4 Ree7 31. a3 Nd6 32. Rg3 Kh7 33. Qc6 Qc7 34. Qa4 Re4 35. b4 axb4 36. axb4 Rxb4 37. Qxb4 cxb4 38. Rxc7 Rxc7 39. Rb3 b5 40. Rxb4 Ra7 0-1

[Event "CRO-chT3W"]
[Site "Croatia"]
[Date "2016.04.10"]
[Round "6.5"]
[White "Derencinovic, Radoslav"]
[Black "Saric, Husnija"]
[Result "0-1"]
[WhiteElo "1889"]
[BlackElo "1840"]
[PlyCount "70"]
[EventDate "2016.03.05"]
[EventType "team-tourn"]
[EventRounds "9"]
[EventCountry "CRO"]
[SourceTitle "CBM 171 Extra"]
[Source "ChessBase"]
[SourceDate "2016.04.26"]
[SourceVersion "1"]
[SourceVersionDate "2016.04.26"]
[SourceQuality "1"]
[WhiteTeam "Rijeka Maestral"]
[BlackTeam "Labin"]
[WhiteTeamCountry "CRO"]
[BlackTeamCountry "CRO"]

1. e4 c5 2. c3 a6 3. d4 cxd4 4. cxd4 d6 5. Nc3 g6 6. Nf3 b5 7. a3 Bg7 8. Be3 Nf6 9. h3 Bb7 10. d5 Nbd7 11. Rc1 Rc8 12. Bd3 0-0 13. 0-0 Nc5 14. Bb1 Ncd7 15. Qd2 Qa5 16. Na2 Qxd2 17. Bxd2 Nc5 18. Rfe1 Nfd7 19. Bc3 Nb3 20. Rc2 a5 21. Bxg7 Kxg7 22. Nc3 Ba6 23. Ba2 Nbc5 24. Nd4 b4 25. axb4 Nd3 26. Re3 axb4 27. Nce2 Rxc2 28. Nxc2 N7c5 29. Ncd4 Nxb2 30. Nc6 Nd1 31. Nxb4 Nxe3 32. Nxa6 Ra8 33. Nb4 Nd1 34. f3 Ra4 35. Bb3 Nxb3 0-1

[Event "CRO-chT3W"]
[Site "Croatia"]
[Date "2016.03.05"]
[Round "1.5"]
[White "Kovacic, Dragutin"]
[Black "Derencinovic, Radoslav"]
[Result "0-1"]
[WhiteElo "1992"]
[BlackElo "1889"]
[PlyCount "66"]
[EventDate "2016.03.05"]
[EventType "team-tourn"]
[EventRounds "9"]
[EventCountry "CRO"]
[SourceTitle "CBM 171 Extra"]
[Source "ChessBase"]
[SourceDate "2016.04.26"]
[SourceVersion "1"]
[SourceVersionDate "2016.04.26"]
[SourceQuality "1"]
[WhiteTeam "Drazice Rjecina"]
[BlackTeam "Rijeka Maestral"]
[WhiteTeamCountry "CRO"]
[BlackTeamCountry "CRO"]

1. e4 g6 2. d4 d6 3. Nf3 Bg7 4. h3 Nf6 5. Bd3 0-0 6. Be3 Nbd7 7. Nbd2 c6 8. 0-0 Re8 9. Rc1 b5 10. c3 Qc7 11. Nh2 e5 12. Qc2 d5 13. dxe5 Nxe5 14. exd5 Nxd5 15. Bd4 Nxd3 16. Qxd3 Bf5 17. Qf3 Bh6 18. Rfd1 c5 19. Qxd5 cxd4 20. cxd4 Qa5 21. Nb3 Qxa2 22. Ra1 Qxb2 23. Na5 Rad8 24. Qc5 Rc8 25. Qxa7 Re2 26. Rf1 Be3 27. Ng4 Bxg4 28. hxg4 Bxf2+ 29. Kh1 Qd2 30. Rxf2 Rxf2 31. Qb7 Rc1+ 32. Rxc1 Qxc1+ 33. Kh2 Qf4+ 0-1

[Event "CRO-chT2 West"]
[Site "Rijeka"]
[Date "2012.04.22"]
[Round "5.46"]
[White "Jokic, Jovan"]
[Black "Derencinovic, Radoslav"]
[Result "0-1"]
[WhiteElo "1615"]
[BlackElo "1907"]
[PlyCount "64"]
[EventDate "2012.03.17"]
[EventType "team-tourn"]
[EventRounds "9"]
[EventCountry "CRO"]
[SourceTitle "EXT 2013"]
[Source "ChessBase"]
[SourceDate "2012.11.22"]
[SourceVersion "1"]
[SourceVersionDate "2012.11.22"]
[SourceQuality "1"]

1. e4 c5 2. Nf3 Nc6 3. d4 cxd4 4. Nxd4 d6 5. Nc3 Nf6 6. Bc4 a6 7. 0-0 g6 8. Be3 Bg7 9. h3 0-0 10. Qd2 Qc7 11. Bb3 b5 12. Nxc6 Qxc6 13. Nd5 Qe8 14. Nxf6+ Bxf6 15. Bd5 Rb8 16. Ba7 Rb7 17. Bxb7 Bxb7 18. Qb4 Qc6 19. c3 Ra8 20. Bd4 a5 21. Qb3 Qxe4 22. f3 Bxd4+ 23. Kh1 Qh4 24. Qxb5 Ba6 25. Qc6 Bxf1 26. Qxa8+ Kg7 27. cxd4 Qf2 28. f4 Qxf4 29. Kg1 Bd3 30. d5 Qe3+ 31. Kh1 Be4 32. Qxa5 Qxh3+ 0-1

[Event "CRO-chT2 West"]
[Site "Croatia"]
[Date "2010.04.25"]
[Round "6.11"]
[White "Alavanja, Denis"]
[Black "Derencinovic, Radoslav"]
[Result "1-0"]
[WhiteElo "1834"]
[BlackElo "1919"]
[PlyCount "87"]
[EventDate "2010.03.27"]
[EventType "team-tourn"]
[EventRounds "9"]
[EventCountry "CRO"]
[SourceTitle "EXT 2012"]
[Source "ChessBase"]
[SourceDate "2011.11.24"]
[SourceVersion "1"]
[SourceVersionDate "2011.11.24"]
[SourceQuality "1"]

1. e4 g6 2. d4 d6 3. Nf3 Bg7 4. Nc3 Bg4 5. Be2 Nd7 6. h3 Bxf3 7. Bxf3 c5 8. Be3 Qb6 9. Nd5 Qa5+ 10. c3 e6 11. Nf4 c4 12. 0-0 Ne7 13. Qc2 0-0 14. g3 Rab8 15. Bg2 e5 16. Ne2 b5 17. a3 Qc7 18. f4 f5 19. Rad1 fxe4 20. Bxe4 d5 21. Bf3 e4 22. Bg4 Nf5 23. Bxf5 gxf5 24. g4 fxg4 25. hxg4 h6 26. Ng3 Rb6 27. Nf5 Nf6 28. Qg2 Qf7 29. g5 Nh5 30. Nh4 hxg5 31. fxg5 Qc7 32. Nf5 Rg6 33. Rf2 Rd8 34. Rdf1 Bf8 35. Qh3 Nf6 36. Rh2 Qh7 37. Nh6+ Bxh6 38. Rxf6 Rxf6 39. gxf6 Bxe3+ 40. Qxe3 Qf5 41. Qh6 Rd7 42. Rg2+ Kf7 43. Rg7+ Ke6 44. f7+ 1-0

[Event "CRO-chT2 West"]
[Site "Croatia"]
[Date "2010.03.27"]
[Round "1.32"]
[White "Derencinovic, Radoslav"]
[Black "Berke, Ana"]
[Result "0-1"]
[WhiteElo "1919"]
[BlackElo "2168"]
[PlyCount "72"]
[EventDate "2010.03.27"]
[EventType "team-tourn"]
[EventRounds "9"]
[EventCountry "CRO"]
[SourceTitle "EXT 2012"]
[Source "ChessBase"]
[SourceDate "2011.11.24"]
[SourceVersion "1"]
[SourceVersionDate "2011.11.24"]
[SourceQuality "1"]

1. e4 e5 2. Nf3 Nc6 3. Bb5 Nf6 4. 0-0 Nxe4 5. Re1 Nd6 6. Bxc6 dxc6 7. Nxe5 Be7 8. d4 0-0 9. Bf4 Nf5 10. c3 Be6 11. Nd2 c5 12. Ndf3 cxd4 13. Nxd4 Nxd4 14. Qxd4 Qxd4 15. cxd4 Rfd8 16. Be3 Rd5 17. Rac1 c6 18. a3 Bf6 19. f4 Rad8 20. b4 Rb5 21. Rc5 Rd5 22. Rec1 Be7 23. Rxb5 Rxb5 24. Nd3 a5 25. a4 Rd5 26. Nc5 axb4 27. Nxb7 Rd7 28. Nc5 Bxc5 29. dxc5 Rd3 30. Kf2 Ra3 31. Rd1 Bd5 32. Rd4 Ra2+ 33. Bd2 h6 34. g4 b3 35. Ke3 b2 36. Rb4 Ra3+ 0-1